Ordenanza tipo sobre el ruido y las vibraciones / Grupo de Trabajo de Ruido y Movilidad Sostenible. Xarxa de Ciutats i Pobles cap a la Sostenibilitat
Descripción Física:
42 p. : quadres ; 29 cm
MARC
| LEADER | 00000nam a2200000Ia 4500 | ||
|---|---|---|---|
| 001 | 18512 | ||
| 003 | BGR | ||
| 005 | 20260324175743.0 | ||
| 008 | 160829s2006 xx 000 0 cat d | ||
| 080 | |a FU-51-11 | ||
| 110 | 2 | |a Grup de Treball de Soroll i Mobilitat Sostenible |b Xarxa de Ciutats i Pobles cap a la Sostenibilitat |9 8269 | |
| 245 | |a Ordenanza tipo sobre el ruido y las vibraciones / Grupo de Trabajo de Ruido y Movilidad Sostenible. Xarxa de Ciutats i Pobles cap a la Sostenibilitat | ||
| 260 | |a Barcelona : |b Diputació de Barcelona, |c 2006 | ||
| 300 | |a 42 p. : |b quadres ; |c 29 cm | ||
| 650 | 0 | |a Soroll |x Control |x Dret i legislació |9 46419 | |
| 650 | |a Vibració |x Aspectes ambientals |x Legislació |9 40050 | ||
| 710 | 2 | |a Xarxa de Ciutats i Pobles cap a la Sostenibilitat |9 53477 | |
| 710 | 1 | |a Barcelona (Catalunya : Província). |b Diputació |9 52408 | |
| 901 | |a Arxiu | ||
| 942 | |n 1 |2 udc |c MON | ||
| 952 | |0 0 |1 0 |4 0 |6 FU5111 |7 1 |9 49387 |a Arxiu |b Arxiu |d 2016-12-01 |l 0 |o FU-51-11 |p 18512 |r 2016-12-01 00:00:00 |w 2016-12-01 |y ARXIU | ||
| 999 | |c 53229 |d 53229 | ||